[Event "14. Sparkassen Open 2015 - Gruppe B"]
[Site "Forchheim"]
[Date "2015.10.03"]
[Round "2.10"]
[White "Pohl, Steffen"]
[Black "Schwarz, Eduard"]
[Result "1-0"]
[WhiteElo "1876"]
[BlackElo "1992"]
[PlyCount "55"]
[EventDate "2015.??.??"]
[WhiteTeam "SK Schwanstetten"]
[BlackTeam "SG Idstein"]

1. e4 e5 2. Nf3 Nc6 3. Bc4 Nf6 4. Ng5 d5 5. exd5 Na5 6. Bb5+ c6 7. dxc6 bxc6 8.
Qf3 Rb8 9. Bd3 Be7 10. Nc3 h6 11. Nge4 Nd5 12. Qg3 O-O 13. Qxe5 f5 14. Qxb8
fxe4 15. Nxe4 Nf4 16. O-O Nxd3 17. cxd3 Qxd3 18. Qxa7 Qxe4 19. Qxa5 Bd8 20. Qa3
Bb6 21. Qb3+ Be6 22. Qxb6 Rf3 23. gxf3 Qg6+ 24. Kh1 Bd5 25. Qb8+ Kh7 26. Qg3
Qd3 27. Kg2 Qe2 28. d3 1-0

[Event "14. Sparkassen Open 2015 - Gruppe B"]
[Site "Forchheim"]
[Date "2015.10.03"]
[Round "2.11"]
[White "Hartewig, Anja"]
[Black "Pikal, Alexander"]
[Result "0-1"]
[WhiteElo "1722"]
[BlackElo "1966"]
[PlyCount "80"]
[EventDate "2015.??.??"]
[WhiteTeam "Chemnitzer SC Aufbau"]
[BlackTeam "SC Ansbach"]

1. d4 f5 2. Nc3 Nf6 3. Bg5 d5 4. Nf3 e6 5. e3 Nbd7 6. Ne5 Bd6 7. Nxd7 Bxd7 8.
Bxf6 Qxf6 9. Qh5+ g6 10. Qh6 c6 11. O-O-O e5 12. h4 O-O-O 13. Be2 f4 14. Qg5
Qg7 15. h5 Rdf8 16. Bg4 exd4 17. exd4 h6 18. Qh4 g5 19. Qh3 Bxg4 20. Qxg4+ Kc7
21. Rhe1 Re8 22. Re6 Re7 23. Rde1 Rhe8 24. Rxe7+ Rxe7 25. Rxe7+ Qxe7 26. Qe2
Qxe2 27. Nxe2 g4 28. Kd2 Kd7 29. Kd3 Ke6 30. c4 dxc4+ 31. Kxc4 b5+ 32. Kd3 Kf5
33. d5 c5 34. Nc3 a6 35. Ne4 c4+ 36. Kd4 Be5+ 37. Kc5 Kxe4 38. d6 Bxb2 39. d7
Bf6 40. Kb4 a5+ 0-1

[Event "14. Sparkassen Open 2015 - Gruppe B"]
[Site "Forchheim"]
[Date "2015.10.03"]
[Round "2.12"]
[White "Wabra, Robert"]
[Black "Wärtsch, Michael"]
[Result "1-0"]
[WhiteElo "1991"]
[BlackElo "1866"]
[PlyCount "67"]
[EventDate "2015.??.??"]
[WhiteTeam "SF Gerresheim"]
[BlackTeam "SG Lüdenscheid"]

1. d4 d5 2. c4 c6 3. Nc3 Nf6 4. Nf3 a6 5. e3 e6 6. a3 Be7 7. Bd3 O-O 8. O-O
dxc4 9. Bxc4 b5 10. Bd3 c5 11. dxc5 Bxc5 12. Qc2 Bb6 13. e4 h6 14. e5 Nd5 15.
Ne4 Nd7 16. b4 Bc7 17. Bb2 N7b6 18. Nc5 Bd7 19. g3 Qe7 20. Rfe1 Rfc8 21. Qe2
Bc6 22. Nd4 Be8 23. Rac1 Qg5 24. h4 Qe7 25. Qe4 g6 26. h5 Na4 27. Nxa4 bxa4 28.
Rc2 Kg7 29. Rec1 Qd7 30. hxg6 fxg6 31. Rc6 Bf7 32. Nxe6+ Bxe6 33. Qxg6+ Kf8 34.
Rxe6 1-0

[Event "14. Sparkassen Open 2015 - Gruppe B"]
[Site "Forchheim"]
[Date "2015.10.03"]
[Round "2.13"]
[White "Kuhmann, Peter"]
[Black "Huber, Lukas"]
[Result "0-1"]
[WhiteElo "1942"]
[BlackElo "1894"]
[PlyCount "48"]
[EventDate "2015.??.??"]
[WhiteTeam "TSV Kirchehrenbach"]
[BlackTeam "SC Tannhausen"]

1. c4 e6 2. e3 Nf6 3. Nf3 d5 4. Be2 Be7 5. O-O O-O 6. b3 Nbd7 7. Bb2 c5 8. Nc3
Nb6 9. Qc2 Bd7 10. d4 cxd4 11. exd4 dxc4 12. bxc4 Rc8 13. Ne5 Qc7 14. Rac1 Bc6
15. f4 Rfd8 16. Nxc6 bxc6 17. c5 Nbd5 18. Nxd5 Nxd5 19. Qe4 Rb8 20. Rb1 Qa5 21.
Bc4 Bf6 22. Bb3 Qd2 23. Bxd5 exd5 24. Qf5 Rxb2 0-1

[Event "14. Sparkassen Open 2015 - Gruppe B"]
[Site "Forchheim"]
[Date "2015.10.03"]
[Round "2.14"]
[White "Grieme, Jens"]
[Black "Reinhard, Ralf-Peter"]
[Result "0-1"]
[WhiteElo "1875"]
[BlackElo "1894"]
[PlyCount "132"]
[EventDate "2015.??.??"]
[WhiteTeam "TuS Syke"]
[BlackTeam "vereinslos"]

1. e4 c5 2. c3 d5 3. exd5 Qxd5 4. d4 Nf6 5. Nf3 Nc6 6. dxc5 Qxc5 7. Be3 Qa5 8.
Nbd2 e6 9. Nb3 Qc7 10. Nbd4 Nxd4 11. Nxd4 a6 12. g3 Be7 13. Bg2 O-O 14. O-O Bd7
15. Re1 Bd6 16. Qd2 Rad8 17. Bg5 Rfe8 18. Bxf6 gxf6 19. Re4 Bf8 20. Qc2 f5 21.
Re2 Bg7 22. Rd1 Bc8 23. Red2 Rd6 24. Nb3 Red8 25. Rxd6 Rxd6 26. Rxd6 Qxd6 27.
Qd2 Qxd2 28. Nxd2 Be5 29. Kf1 Kf8 30. Ke2 Ke7 31. Kd3 Bc7 32. Nc4 b5 33. Ne3
Kd6 34. c4 Kc5 35. cxb5 axb5 36. b3 Ba6 37. Bf3 f4 38. Ng2 b4+ 39. Kd2 fxg3 40.
hxg3 f5 41. Ne1 e5 42. Bh5 e4 43. Ke3 Kd5 44. Nc2 Bd6 45. f3 Bd3 46. fxe4+ fxe4
47. Bd1 Bf8 48. g4 Bh6+ 49. Kf2 Bd2 50. Ne3+ Kd4 51. Nf5+ Kc3 52. Ne3 Kb2 53.
Nc4+ Kc3 54. Ne3 Bb1 55. Ke2 Bd3+ 56. Kf2 h6 57. Be2 Bb1 58. Nd1+ Kd4 59. Bc4
Bxa2 60. Ke2 Bc1 61. Bf7 Bb1 62. Bg6 Bc2 63. Nf2 Be3 64. Nd1 Bf4 65. Bf7 Bd3+
66. Kf2 e3+ 0-1

[Event "14. Sparkassen Open 2015 - Gruppe B"]
[Site "Forchheim"]
[Date "2015.10.03"]
[Round "2.15"]
[White "Corral, Carlos"]
[Black "Hummel, Thomas"]
[Result "1/2-1/2"]
[WhiteElo "2010"]
[BlackElo "1947"]
[PlyCount "58"]
[EventDate "2015.??.??"]
[WhiteTeam "SC Noris-Tarrasch Nürnberg"]
[BlackTeam "SK Neumarkt"]

1. e4 Nf6 2. Nc3 d6 3. d4 g6 4. h3 Bg7 5. Be3 c6 6. a4 a5 7. Nge2 Qc7 8. g4 h5
9. g5 Ng8 10. Bg2 e6 11. O-O Ne7 12. f4 d5 13. Ng3 dxe4 14. Ncxe4 Nf5 15. Nxf5
exf5 16. Nf6+ Bxf6 17. gxf6 Be6 18. d5 cxd5 19. Bxd5 Bxd5 20. Qxd5 O-O 21. Rad1
Na6 22. c4 Rfe8 23. Bd4 Nb4 24. Qb5 Re2 25. c5 Rae8 26. Be5 R2xe5 27. fxe5 Qxe5
28. Rf3 Nc6 29. Kf2 Qxf6 1/2-1/2

[Event "14. Sparkassen Open 2015 - Gruppe B"]
[Site "Forchheim"]
[Date "2015.10.03"]
[Round "2.16"]
[White "Richter, Tony"]
[Black "Juciute, Einora"]
[Result "0-1"]
[WhiteElo "1680"]
[BlackElo "1897"]
[PlyCount "80"]
[EventDate "2015.??.??"]
[WhiteTeam "SV Triebes"]

1. d4 Nf6 2. Nf3 e6 3. g3 c5 4. c3 b6 5. Bg2 Bb7 6. O-O Be7 7. Nbd2 O-O 8. Re1
Ne4 9. Ne5 f5 10. Ndf3 d6 11. Nd3 Nd7 12. Nf4 Rf6 13. Qb3 Nf8 14. dxc5 Nxc5 15.
Qd1 Qc7 16. Be3 Re8 17. Bxc5 bxc5 18. a4 Ng6 19. e3 Be4 20. c4 Qb7 21. Ra2 Ne5
22. Nxe5 dxe5 23. Bxe4 Qxe4 24. Qd7 Kf7 25. Ne2 Qxc4 26. Nc3 a6 27. Qb7 Rd8 28.
a5 Rd2 29. Ra4 Qd3 30. Rc1 f4 31. exf4 exf4 32. Rxf4 Rxf4 33. gxf4 Qd4 34. Rf1
Qc4 35. Ne4 Rd4 36. Ng5+ Kf6 37. Re1 Rxf4 38. Rxe6+ Kf5 39. Qxe7 Rg4+ 40. Kh1
Qf1# 0-1

[Event "14. Sparkassen Open 2015 - Gruppe B"]
[Site "Forchheim"]
[Date "2015.10.03"]
[Round "2.17"]
[White "Mantel, Ruben"]
[Black "Nahlik, Bernhard"]
[Result "1-0"]
[WhiteElo "1773"]
[BlackElo "1721"]
[PlyCount "55"]
[EventDate "2015.??.??"]
[WhiteTeam "Zabo-Eintracht Nürnberg"]
[BlackTeam "SC Ansbach"]

1. e4 c6 2. Nc3 d5 3. Nf3 dxe4 4. Nxe4 Bf5 5. Ng3 Bg6 6. h4 h6 7. Ne5 Bh7 8.
Qh5 g6 9. Qf3 Nf6 10. Qb3 e6 11. Qxb7 Nbd7 12. Qxc6 Rc8 13. Qa4 Qc7 14. Nxd7
Nxd7 15. Bb5 Qe5+ 16. Ne4 Rc7 17. O-O g5 18. d3 f5 19. f4 Qg7 20. fxg5 fxe4 21.
Bf4 Bc5+ 22. Kh1 e5 23. gxh6 Qe7 24. Bg5 Qd6 25. Rf6 Qd4 26. Re6+ Kf7 27. Qb3
Nb6 28. Re7+ 1-0

[Event "14. Sparkassen Open 2015 - Gruppe B"]
[Site "Forchheim"]
[Date "2015.10.03"]
[Round "2.18"]
[White "Rierl, Klaus"]
[Black "Thurn, Stephan"]
[Result "1/2-1/2"]
[WhiteElo "1789"]
[BlackElo "1889"]
[PlyCount "69"]
[EventDate "2015.??.??"]
[WhiteTeam "SG Sonneberg"]
[BlackTeam "TSV Kirchehrenbach"]

1. Nf3 f5 2. e3 Nf6 3. b3 g6 4. Bb2 Bg7 5. c4 O-O 6. Qc2 c5 7. Be2 b6 8. O-O d6
9. Nc3 Bb7 10. Rad1 e6 11. d4 Qe7 12. d5 exd5 13. cxd5 h6 14. Nh4 Kh7 15. g3
Re8 16. Rd2 Nbd7 17. Nb5 Ne4 18. Rdd1 Ndf6 19. Bf3 Qd7 20. Nc3 g5 21. Ng2 b5
22. Bxe4 Nxe4 23. Nxe4 Rxe4 24. Bxg7 Qxg7 25. Rd2 Qf7 26. Rfd1 a5 27. Ne1 Rae8
28. Nd3 Qxd5 29. Nxc5 Qxc5 30. Qb2 R4e6 31. Rc2 Qe5 32. Qxe5 dxe5 33. Rc7+ R8e7
34. Rdd7 Rxd7 35. Rxd7+ 1/2-1/2

[Event "14. Sparkassen Open 2015 - Gruppe B"]
[Site "Forchheim"]
[Date "2015.10.03"]
[Round "2.19"]
[White "Schulz, Siegfried"]
[Black "Merz, Andreas"]
[Result "0-1"]
[WhiteElo "1928"]
[BlackElo "1846"]
[PlyCount "110"]
[EventDate "2015.??.??"]
[WhiteTeam "TSV Kirchenlaibach"]
[BlackTeam "SC Treuchtlingen"]

1. d4 e5 2. c3 exd4 3. cxd4 d5 4. Nf3 Nf6 5. e3 Bd6 6. Bd3 O-O 7. Nc3 Bg4 8. h3
Bh5 9. Be2 c6 10. O-O Bc7 11. Ne5 Bxe2 12. Qxe2 Nbd7 13. f4 Ne4 14. Nxe4 dxe4
15. Bd2 Nxe5 16. dxe5 Qd5 17. Bb4 Rfd8 18. Rfd1 Qe6 19. a3 Bb6 20. Bc3 Qb3 21.
Rd6 Rxd6 22. exd6 Rd8 23. Qd2 Bc5 24. d7 Qb6 25. Re1 Qc7 26. Rd1 Qxf4 27. Re1
Qg3 28. Ba5 b6 29. Bb4 Qe5 30. Bxc5 Qxc5 31. Rd1 Kf8 32. Rc1 Qd5 33. Rd1 Qxd2
34. Rxd2 Ke7 35. Rd4 f5 36. Rd2 Rxd7 37. Rc2 c5 38. Kf2 Ke6 39. Ke1 g5 40. Ke2
Rd3 41. Rc4 Kd5 42. Rc1 c4 43. Rf1 Ke5 44. Rc1 b5 45. Ra1 Rb3 46. Ra2 f4 47.
exf4+ gxf4 48. Kf2 Kd4 49. a4 b4 50. a5 Kd3 51. g3 e3+ 52. Kf3 Kd2 53. Kxf4 e2
54. Ra1 e1=Q 55. Rxe1 Kxe1 0-1

[Event "14. Sparkassen Open 2015 - Gruppe B"]
[Site "Forchheim"]
[Date "2015.10.03"]
[Round "2.20"]
[White "Scheuerer, Werner"]
[Black "Löllmann, Heinrich"]
[Result "1/2-1/2"]
[WhiteElo "1865"]
[BlackElo "1825"]
[PlyCount "94"]
[EventDate "2015.??.??"]
[WhiteTeam "SC Garching"]
[BlackTeam "SV Bubenreuth"]

1. f4 d5 2. Nf3 e6 3. g3 Nf6 4. b3 c5 5. Bg2 Nc6 6. Bb2 Be7 7. O-O O-O 8. Na3
a6 9. c4 d4 10. d3 Qc7 11. Nc2 Rd8 12. Qd2 Rb8 13. e4 dxe3 14. Qxe3 Qd7 15.
Rad1 b5 16. Bxf6 gxf6 17. Qe2 f5 18. Ne5 Nxe5 19. fxe5 Bf8 20. Rf4 Bg7 21. cxb5
axb5 22. Rff1 Qc7 23. Rfe1 Bb7 24. g4 Bxg2 25. Qxg2 fxg4 26. Re4 Kh8 27. Qg3
Rd5 28. Rde1 Rbd8 29. Kf1 Rxd3 30. Qxg4 Rg8 31. Qe2 Qd8 32. Na3 b4 33. Nc4 Rd5
34. Nd6 Rf8 35. Qh5 Qd7 36. Rh4 h6 37. Re3 f5 38. Qg6 Rd4 39. Rh5 Rg4 40. Rxh6+
Bxh6 41. Qxh6+ Kg8 42. Rh3 Qg7 43. Qxe6+ Rf7 44. Qxf7+ Qxf7 45. Nxf7 Kxf7 46.
Re3 Ke6 47. Kf2 Rh4 1/2-1/2

[Event "14. Sparkassen Open 2015 - Gruppe B"]
[Site "Forchheim"]
[Date "2015.10.03"]
[Round "2.21"]
[White "Schlötterer, Hermann"]
[Black "Brückner, Alexander"]
[Result "0-1"]
[WhiteElo "1872"]
[BlackElo "1793"]
[PlyCount "90"]
[EventDate "2015.??.??"]
[WhiteTeam "Zabo-Eintracht Nürnberg"]
[BlackTeam "SF Augsburg"]

1. d4 Nf6 2. g3 d5 3. Bg2 g6 4. Nf3 Bg7 5. O-O Bf5 6. c4 c6 7. Nc3 O-O 8. Qb3
Qb6 9. Bf4 Nbd7 10. Rac1 dxc4 11. Qa3 Nd5 12. Nxd5 cxd5 13. Rfd1 Rfe8 14. Nh4
Bxd4 15. Rxd4 Qxd4 16. Nxf5 gxf5 17. Qa4 Nb6 18. Qc2 Qf6 19. h4 e5 20. Bg5 Qg6
21. Bd2 Rad8 22. Bf3 e4 23. h5 Qf6 24. Bg2 d4 25. Bf4 Rc8 26. Qd2 c3 27. bxc3
dxc3 28. Qd1 Qe6 29. Rc2 Red8 30. Qc1 Nd5 31. Bh6 f6 32. Qa3 Qb6 33. Bh3 Qd4
34. Qb3 Qc4 35. Qxb7 Rc7 36. Qb1 Nb4 37. Bxf5 Qd4 38. Qb3+ Kh8 39. Rc1 c2 40.
Be3 Qc4 41. Qa4 Nxa2 42. Qa3 Nxc1 43. Bxc1 Qc3 44. Qa6 Qc6 45. Qa3 Qc5 0-1

[Event "14. Sparkassen Open 2015 - Gruppe B"]
[Site "Forchheim"]
[Date "2015.10.03"]
[Round "2.22"]
[White "Askri, Samir"]
[Black "Mager, Thomas"]
[Result "1-0"]
[WhiteElo "1859"]
[BlackElo "1804"]
[PlyCount "47"]
[EventDate "2015.??.??"]
[WhiteTeam "SG Siemens Amberg"]
[BlackTeam "vereinslos"]

1. d4 f5 2. c4 Nf6 3. g3 g6 4. Bg2 Bg7 5. Nf3 O-O 6. O-O d6 7. Nc3 Qe8 8. Re1
c6 9. d5 Na6 10. e4 Nc7 11. exf5 Bxf5 12. Nd4 Bd7 13. Bf4 cxd5 14. Bxd6 Qc8 15.
Bxe7 Rf7 16. cxd5 Ng4 17. d6 Nxf2 18. Qd2 Ne8 19. Bd5 Nh3+ 20. Kg2 Bxd4 21.
Bxf7+ Kxf7 22. Qxd4 Bc6+ 23. Nd5 Kg8 24. Rf1 1-0

[Event "14. Sparkassen Open 2015 - Gruppe B"]
[Site "Forchheim"]
[Date "2015.10.03"]
[Round "2.24"]
[White "Morschel, Steffen"]
[Black "Mönch, Dietmar"]
[Result "1/2-1/2"]
[WhiteElo "1686"]
[BlackElo "1798"]
[PlyCount "59"]
[EventDate "2015.??.??"]
[WhiteTeam "SK Sülz-Klettenberg"]

1. e4 d5 2. exd5 Qxd5 3. Nc3 Qa5 4. Nf3 Nf6 5. d4 c6 6. Bd2 Qc7 7. Bd3 Bg4 8.
h3 Bh5 9. g4 Bg6 10. Qe2 Nbd7 11. Bxg6 hxg6 12. O-O-O e6 13. Ng5 Nb6 14. Nge4
O-O-O 15. Nxf6 gxf6 16. Be3 Nd5 17. Nxd5 exd5 18. Qf3 Be7 19. Kb1 Rde8 20. Rd3
Qd8 21. Rc1 Bd6 22. c4 dxc4 23. Rxc4 Kb8 24. d5 c5 25. Bxc5 Re1+ 26. Kc2 Rhe8
27. Bxd6+ Qxd6 28. Qf4 R1e2+ 29. Rd2 R2e5 30. Rd3 1/2-1/2

[Event "14. Sparkassen Open 2015 - Gruppe B"]
[Site "Forchheim"]
[Date "2015.10.03"]
[Round "2.25"]
[White "Mooser, Nicolas"]
[Black "Schwab, Edgar"]
[Result "1-0"]
[WhiteElo "1674"]
[BlackElo "1930"]
[PlyCount "75"]
[EventDate "2015.??.??"]
[WhiteTeam "PSV Dorfen"]
[BlackTeam "SC Forchheim"]

1. d4 d5 2. Nf3 Nf6 3. g3 g6 4. Bg2 Bg7 5. O-O O-O 6. c4 c6 7. cxd5 cxd5 8. Nc3
Nc6 9. Ne5 e6 10. Nxc6 bxc6 11. Qc2 Nd7 12. e3 Ba6 13. Rd1 Rc8 14. Na4 Qe7 15.
Nc5 Nxc5 16. dxc5 Bc4 17. Bd2 Rb8 18. Bc3 Bxc3 19. Qxc3 e5 20. e4 Be2 21. Rd2
d4 22. Qc2 Bg4 23. f3 Be6 24. b3 Rb4 25. Rad1 a5 26. f4 f6 27. f5 Bf7 28. Qd3
g5 29. Rc1 Rc8 30. Rb2 Rbb8 31. Qa6 Qc7 32. Qd3 a4 33. Rbb1 Rb5 34. Bf1 Qb8 35.
Qc2 axb3 36. axb3 Bxb3 37. Bxb5 d3 38. Bxd3 1-0

[Event "14. Sparkassen Open 2015 - Gruppe B"]
[Site "Forchheim"]
[Date "2015.10.03"]
[Round "2.26"]
[White "Gheng, Dominik"]
[Black "Meier, Manfred"]
[Result "0-1"]
[WhiteElo "1757"]
[BlackElo "1800"]
[PlyCount "38"]
[EventDate "2015.??.??"]
[WhiteTeam "Schach-Kids Bernhausen"]
[BlackTeam "SV Neustadt/Aisch"]

1. e4 e5 2. Nf3 Nc6 3. Bb5 a6 4. Ba4 Nf6 5. O-O d6 6. d4 b5 7. Bb3 Na5 8. dxe5
Nxb3 9. axb3 Nxe4 10. Qd5 Bf5 11. exd6 Nxd6 12. Ne5 Be4 13. Qd4 Be7 14. Re1 Bb7
15. Qg4 O-O 16. Bh6 Bf6 17. Nc3 Bc8 18. Qf3 Bb7 19. Qg3 Nf5 0-1

[Event "14. Sparkassen Open 2015 - Gruppe B"]
[Site "Forchheim"]
[Date "2015.10.03"]
[Round "2.27"]
[White "Roth, Jakob"]
[Black "Gugenberger, Uwe"]
[Result "1-0"]
[WhiteElo "1770"]
[BlackElo "1942"]
[PlyCount "31"]
[EventDate "2015.??.??"]
[WhiteTeam "Spvgg Stetten"]
[BlackTeam "PSV Dorfen"]

1. d4 d5 2. c4 Bf5 3. Nc3 e6 4. cxd5 exd5 5. Qb3 Nc6 6. Nf3 Nb4 7. e4 dxe4 8.
Ng5 Qd7 9. Bc4 Nd3+ 10. Kf1 Nh6 11. Be3 Bd6 12. Ncxe4 Bxe4 13. Nxe4 Nb4 14. a3
Nc6 15. Bxh6 gxh6 16. Nf6+ 1-0

[Event "14. Sparkassen Open 2015 - Gruppe B"]
[Site "Forchheim"]
[Date "2015.10.03"]
[Round "2.28"]
[White "Heckel, Wolfgang"]
[Black "Diebel, Günter"]
[Result "0-1"]
[WhiteElo "1756"]
[BlackElo "1802"]
[PlyCount "42"]
[EventDate "2015.??.??"]
[WhiteTeam "TSG Ellingen"]
[BlackTeam "SW Nürnberg Süd"]

1. d4 d5 2. c4 Nc6 3. Nf3 Bg4 4. Nc3 Nf6 5. Bf4 Bxf3 6. gxf3 Nh5 7. cxd5 Nxf4
8. dxc6 bxc6 9. Qa4 Qd7 10. Rc1 Nd5 11. Ne4 e6 12. a3 f5 13. Nc5 Bxc5 14. Rxc5
Ne7 15. f4 Kf7 16. e3 Rhb8 17. b4 Rb6 18. Be2 Qd8 19. Bf3 Kf6 20. Bxc6 Nxc6 21.
Rxc6 Qd5 0-1

[Event "14. Sparkassen Open 2015 - Gruppe B"]
[Site "Forchheim"]
[Date "2015.10.03"]
[Round "2.29"]
[White "Braun, Kristin"]
[Black "Breitenbach, Joachim"]
[Result "1-0"]
[WhiteElo "1735"]
[BlackElo "2045"]
[PlyCount "99"]
[EventDate "2015.??.??"]
[WhiteTeam "SC Forchheim"]
[BlackTeam "Schachtreff Röttenbach"]

1. d4 Nf6 2. Nf3 b6 3. e3 Bb7 4. Bd3 d5 5. b3 e6 6. Bb2 Be7 7. O-O O-O 8. Ne5
c5 9. Nd2 cxd4 10. exd4 Nc6 11. a3 Rc8 12. f4 Bd6 13. Rf3 Ne7 14. Rh3 Ng6 15.
Qf3 Rc7 16. Rf1 Qe7 17. a4 Rfc8 18. f5 Nf8 19. fxe6 fxe6 20. Ng4 Ne4 21. Nxe4
dxe4 22. Bxe4 Bxe4 23. Qxe4 Rxc2 24. Rxf8+ Kxf8 25. Rxh7 Qf7 26. Rh8+ Ke7 27.
Rxc8 Rxc8 28. Ba3 Rd8 29. Ne5 Qh5 30. Nc6+ Kd7 31. Bxd6 Qd1+ 32. Kf2 Qd2+ 33.
Kg3 Qc3+ 34. Kg4 Qxc6 35. Qxc6+ Kxc6 36. Be5 b5 37. Kg5 bxa4 38. bxa4 Rf8 39.
h4 Rf2 40. g4 Ra2 41. Bxg7 Rxa4 42. h5 Ra2 43. h6 Rh2 44. Kg6 Kd5 45. Bf8 Kxd4
46. h7 e5 47. Bg7 a5 48. h8=Q Rxh8 49. Bxh8 a4 50. Kf5 1-0

[Event "14. Sparkassen Open 2015 - Gruppe B"]
[Site "Forchheim"]
[Date "2015.10.03"]
[Round "2.30"]
[White "Jacob, Karl-Heinz"]
[Black "Meth, Matthias"]
[Result "0-1"]
[WhiteElo "1728"]
[BlackElo "1813"]
[PlyCount "76"]
[EventDate "2015.??.??"]
[WhiteTeam "SG Sonneberg"]
[BlackTeam "SC Tannhausen"]

1. Nf3 c5 2. g3 Nf6 3. Bg2 d5 4. c4 e6 5. O-O Nc6 6. d3 Be7 7. b3 O-O 8. Bb2
Rb8 9. e3 b6 10. Nbd2 Bb7 11. cxd5 exd5 12. d4 Ba6 13. Re1 Nb4 14. Ne5 Rc8 15.
a3 Nd3 16. Nxd3 Bxd3 17. Nf3 Be4 18. Bh3 Rc7 19. Ne5 Bd6 20. f3 Bg6 21. Nxg6
hxg6 22. e4 dxe4 23. fxe4 Be7 24. d5 c4 25. b4 a5 26. Be5 axb4 27. axb4 Bxb4
28. Bxc7 Qxc7 29. Re2 Re8 30. Bg2 Ng4 31. Raa2 b5 32. Kh1 Bc5 33. Qe1 Qd7 34.
Rab2 Rb8 35. Qc3 f6 36. Red2 b4 37. Qc2 c3 38. Rxb4 Rxb4 0-1

[Event "14. Sparkassen Open 2015 - Gruppe B"]
[Site "Forchheim"]
[Date "2015.10.03"]
[Round "2.31"]
[White "Götzel, Alfred"]
[Black "Lohvinov, Petro"]
[Result "1/2-1/2"]
[WhiteElo "1950"]
[BlackElo "1643"]
[PlyCount "109"]
[EventDate "2015.??.??"]
[WhiteTeam "SC Höchstadt/Aisch"]
[BlackTeam "SK München Südost"]

1. Nf3 Nc6 2. e4 e5 3. Bb5 a6 4. Ba4 d6 5. O-O Bd7 6. c3 g6 7. d4 Bg7 8. Re1 h6
9. h3 Nge7 10. Bc2 O-O 11. d5 Nb8 12. c4 f5 13. Nc3 f4 14. b4 g5 15. Nh2 Ng6
16. c5 Nh4 17. g3 fxg3 18. fxg3 Ng6 19. Qh5 Qe8 20. Be3 Nf4 21. Qxe8 Nxh3+ 22.
Kg2 Rxe8 23. Bb3 Kh7 24. Rf1 g4 25. Rf7 Rf8 26. Raf1 Rxf7 27. Rxf7 Kg6 28. Rf1
h5 29. a4 Be8 30. a5 Nd7 31. Bc4 Nf6 32. Bd3 Rd8 33. Rb1 c6 34. Rf1 Kf7 35. Bc4
Kg6 36. Rd1 cxd5 37. exd5 dxc5 38. bxc5 Bb5 39. Nxb5 axb5 40. Bb3 Ng5 41. Bxg5
Kxg5 42. c6 bxc6 43. dxc6 Rxd1 44. Bxd1 Nd5 45. Bb3 Nc7 46. Nf1 Bf8 47. Ne3 Bb4
48. Bc2 Bxa5 49. Be4 Kf6 50. Kf1 Bd2 51. Nd1 Bg5 52. Ke2 Ke6 53. Nf2 Bf6 54.
Kd3 Kd6 55. Bg2 1/2-1/2

[Event "14. Sparkassen Open 2015 - Gruppe B"]
[Site "Forchheim"]
[Date "2015.10.03"]
[Round "2.32"]
[White "Weißmann, Peter"]
[Black "Vinogradov, Anatoli"]
[Result "1/2-1/2"]
[WhiteElo "1795"]
[BlackElo "1812"]
[PlyCount "50"]
[EventDate "2015.??.??"]
[WhiteTeam "SK Zirndorf"]
[BlackTeam "SG Siemens Amberg"]

1. e4 e6 2. d4 d5 3. e5 c5 4. c3 Nc6 5. Nf3 Qb6 6. Qb3 Qxb3 7. axb3 cxd4 8.
cxd4 Bb4+ 9. Nc3 Nge7 10. Bd3 O-O 11. O-O Bd7 12. Be3 Rac8 13. Rfc1 Na5 14. Nd2
a6 15. Rc2 f6 16. f4 fxe5 17. fxe5 Nf5 18. Bxf5 Rxf5 19. Rac1 Rcf8 20. g4 R5f7
21. Ncb1 Bb5 22. Rc7 Bd3 23. Rxf7 Rxf7 24. Nc3 Nc6 25. Kg2 Na5 1/2-1/2

[Event "14. Sparkassen Open 2015 - Gruppe B"]
[Site "Forchheim"]
[Date "2015.10.03"]
[Round "2.33"]
[White "Meyer, Nico"]
[Black "Babichev, Vyacheslav"]
[Result "1-0"]
[WhiteElo "1437"]
[BlackElo "1825"]
[PlyCount "163"]
[EventDate "2015.??.??"]
[WhiteTeam "SC Bechhofen"]
[BlackTeam "SW Nürnberg Süd"]

1. e4 d6 2. d4 g6 3. Bc4 Nf6 4. Nc3 Bg7 5. Nge2 O-O 6. Be3 Ng4 7. Bf4 e5 8.
dxe5 Nxe5 9. Bb3 Nbc6 10. Qd2 Na5 11. Bg5 Nxb3 12. axb3 f6 13. Bf4 c6 14. Rd1
d5 15. exd5 c5 16. O-O Bd7 17. Rfe1 Nf7 18. Ne4 Qb6 19. N2c3 f5 20. Ng3 Qd8 21.
Be3 b6 22. f4 Nd6 23. Bf2 h5 24. Nf1 Rc8 25. Ne3 b5 26. Qc1 b4 27. Ne2 Ne4 28.
Ng3 Nxf2 29. Kxf2 h4 30. Ne2 Qf6 31. Nc4 Rfe8 32. Ne5 Bb5 33. c4 Ba6 34. Ng1
Qd6 35. Ngf3 Rc7 36. Re2 Rce7 37. Rde1 Bh6 38. g3 h3 39. Nh4 Rg7 40. Nexg6
Rxe2+ 41. Rxe2 Rxg6 42. Nxg6 Qxg6 43. Re6 Qg7 44. Rxa6 Qd4+ 45. Ke2 Qe4+ 46.
Qe3 Qg2+ 47. Qf2 Qe4+ 48. Qe3 Qg2+ 49. Kd3 Qf1+ 50. Qe2 Qb1+ 51. Ke3 Bg7 52.
Rg6 Qe4+ 53. Kd2 Qg2 54. Re6 Bxb2 55. Kd1 Qg1+ 56. Qe1 Qd4+ 57. Kc2 Qc3+ 58.
Qxc3 Bxc3 59. Rh6 Kg7 60. Rxh3 Kg6 61. Kd3 a5 62. Kc2 Bf6 63. Kd3 Kg7 64. Rh5
Kg6 65. g4 fxg4 66. Re5 Bh4 67. Ke4 a4 68. bxa4 b3 69. Re6+ Bf6 70. Rb6 b2 71.
a5 Kf7 72. a6 Bc3 73. a7 Bb4 74. a8=Q b1=Q+ 75. Ke3 Qe1+ 76. Kd3 Qd2+ 77. Ke4
Qc2+ 78. Ke5 Qe2+ 79. Kd6 Qe7+ 80. Kc6 Qf6+ 81. Kb5 Qh4 82. Qa7+ 1-0

[Event "14. Sparkassen Open 2015 - Gruppe B"]
[Site "Forchheim"]
[Date "2015.10.03"]
[Round "2.34"]
[White "Ammon, Fabian"]
[Black "Großner, Josef"]
[Result "1-0"]
[WhiteElo "1692"]
[BlackElo "1902"]
[PlyCount "46"]
[EventDate "2015.??.??"]
[WhiteTeam "SV Altensittenbach"]
[BlackTeam "SF Fürth"]

1. e4 e6 2. d4 d5 3. exd5 exd5 4. Bd3 Bd6 5. Nf3 Ne7 6. O-O O-O 7. Bg5 h6 8.
Bh4 Bg4 9. Re1 Qd7 10. Bxe7 Bxe7 11. Ne5 Bxd1 12. Nxd7 Bxc2 13. Nxf8 Bxd3 14.
Rxe7 Kxf8 15. Rxc7 Bxb1 16. Rxb1 Nc6 17. Re1 Re8 18. Rxe8+ Kxe8 19. Rxb7 Nxd4
20. Rxa7 Nb5 21. Ra5 Nc7 22. Kf1 Ke7 23. Ra7 Kd6 1-0

[Event "14. Sparkassen Open 2015 - Gruppe B"]
[Site "Forchheim"]
[Date "2015.10.03"]
[Round "2.35"]
[White "Dreiseitel, Werner"]
[Black "Hohner, Karl-Heinz"]
[Result "1/2-1/2"]
[WhiteElo "1568"]
[BlackElo "1689"]
[PlyCount "35"]
[EventDate "2015.??.??"]
[WhiteTeam "SGem Fürth"]
[BlackTeam "vereinslos"]

1. d4 Nf6 2. Nf3 d5 3. Bf4 c5 4. c3 Nc6 5. e3 Qb6 6. Qb3 Qxb3 7. axb3 e6 8. h3
cxd4 9. exd4 Bd7 10. Bd3 Be7 11. O-O O-O 12. Nbd2 a6 13. Ne5 Nxe5 14. Bxe5 Bc6
15. Nf3 Nd7 16. Bh2 Bf6 17. Rfe1 Rfe8 18. Re3 1/2-1/2

[Event "14. Sparkassen Open 2015 - Gruppe B"]
[Site "Forchheim"]
[Date "2015.10.03"]
[Round "2.36"]
[White "Walter, Manfred"]
[Black "Bauschke, Norman"]
[Result "1/2-1/2"]
[WhiteElo "1757"]
[BlackElo "1605"]
[PlyCount "34"]
[EventDate "2015.??.??"]
[WhiteTeam "SV Lauf"]
[BlackTeam "SC Höchstadt/Aisch"]

1. e4 c5 2. Nf3 Nc6 3. Bb5 Nd4 4. Bc4 Nxf3+ 5. Qxf3 e6 6. c3 a6 7. a4 Qf6 8.
Qe3 e5 9. O-O g6 10. f4 exf4 11. Rxf4 Bh6 12. g3 Bxf4 13. gxf4 d6 14. d4 b6 15.
a5 b5 16. Bd5 Ra7 17. dxc5 Rc7 1/2-1/2

[Event "14. Sparkassen Open 2015 - Gruppe B"]
[Site "Forchheim"]
[Date "2015.10.03"]
[Round "2.37"]
[White "Goda, Frederic"]
[Black "Semenova, Alisa"]
[Result "0-1"]
[WhiteElo "1704"]
[BlackElo "1646"]
[PlyCount "80"]
[EventDate "2015.??.??"]
[WhiteTeam "SC Weiße Dame Ulm"]
[BlackTeam "SC Noris-Tarrasch Nürnberg"]

1. d4 d5 2. Bf4 e6 3. e3 c6 4. Nd2 f5 5. Ngf3 Nf6 6. h3 Be7 7. c4 Nbd7 8. c5
O-O 9. b4 a6 10. Ng5 Nb8 11. a4 h6 12. Ngf3 b6 13. Ne5 bxc5 14. bxc5 Qe8 15. a5
Nfd7 16. Ndf3 Bf6 17. Bd3 g5 18. Bg3 h5 19. Rb1 g4 20. hxg4 hxg4 21. Nxd7 Nxd7
22. Bd6 Rf7 23. Ne5 Nxe5 24. dxe5 Be7 25. Kd2 Bd8 26. Qa4 Raa7 27. Rh2 Rh7 28.
Qf4 Bxa5+ 29. Ke2 Qg6 30. Rxh7 Rxh7 31. Rb8 Qe8 32. Bxa6 Bxa6+ 33. Kd1 Bc8 34.
f3 Rg7 35. Qa4 Bc7 36. Rb4 gxf3 37. gxf3 Bxd6 38. cxd6 Bd7 39. Qa7 c5 40. Rb8
Ba4+ 0-1